00515nam a2200181Ia 450000500170000000800410001702000180005804100080007608200150008410000220009924500610012125000120018226000520019430000090024650000280025565000280028370000220031120230228152611.0230125s9999 xx 000 0 und d a9789352137466 aeng a006.3bBHA aBhattacharjee A D aArtificial intelligence And Soft Computing For Beginners a3rd Ed. c2018bShroff publisher and distributorsaMumbai a519p aArtificial Intelligence aArtificial Intelligence aBhattacharjee A D